MARC

LEADER 00000nam0a2200000 4500
001 172982
005 20231101223053.0
035 |a (RuTPU)RU\TPU\book\187638 
090 |a 172982 
100 |a 20091217d1928 m y0rusy50 ca 
101 0 |a rus 
102 |a RU 
105 |a y z 001zy 
200 1 |a Томские вузы к 10-летию Октябрьской революции  |e сборник статей и речей, напечатанных в газете "Красное Знамя" 
210 |a Томск  |c [Б. и.]  |d 1928 
215 |a 32 с. 
316 |5 63413507: КР-7646  |a На обложке надпись: "Председателю Сибгеолкома проф. М. А. Усову. Ректор ТГУ, проф. В. Саввин. Ректор СТИ, проф. Н. Гутовский" 
317 |5 63413507: КР-7646  |a Поступил в НТБ в 1940 г. в составе книжного собрания академика М. А. Усова 
318 |5 63413507  |a Из истории постановки учебного процесса в ТПУ (1900-1945 гг.)  |b выставка 
606 1 |a Высшее образование  |x В СССР  |2 stltpush  |3 (RuTPU)RU\TPU\subj\3994  |9 32314 
606 1 |a Томск, г.  |x История  |2 stltpush  |3 (RuTPU)RU\TPU\subj\67226  |9 83109 
606 1 |a Научно-технический потенциал  |2 stltpush  |3 (RuTPU)RU\TPU\subj\45166  |9 64427 
610 1 |a высшее образование 
610 1 |a высшие технические учебные заведения 
610 1 |a высшее профессиональное образование 
610 1 |a история 
610 1 |a Сибирский технологический институт 
610 1 |a студенты 
610 1 |a вузы 
610 1 |a индустриализация 
610 1 |a производственная практика 
610 1 |a учебные мастерские 
610 1 |a машиностроение 
610 1 |a Томский государственный университет 
610 1 |a медицинский факультет 
610 1 |a физико-математический факультет 
610 1 |a научно-исследовательская работа 
610 1 |a радиостанции 
610 1 |a библиотеки 
610 1 |a труды учёных ТПУ 
610 1 |a коллекция ТПУ 
610 1 |a Библиотека М. А. Усова 
675 |a 62 (09)  |v 3 
686 |a Ч484(2)  |v LBC/SL-A  |2 rubbk 
686 |a Т3(253.3-4Том)  |v LBC/SL-A  |2 rubbk 
801 1 |a RU  |b 63413507  |c 20091217 
801 2 |a RU  |b 63413507  |c 20220914  |g RCR 
942 |c BK